000 00299nam a2200133Ia 4500
008 231129s1950||||xx |||||||||||||| ||spa||
040 _bspa
082 _a722.7 S487
100 _aSerra-Rafols Jose de C.
245 0 _aMonumentos romanos
260 _c1950
264 _aArgos
942 _2ddc
_cBKS
999 _c21396
_d21396